|
|
|
|
| LEADER |
00794nab#a2200289#ar4500 |
| 001 |
000010521 |
| 003 |
SVKKK |
| 005 |
00000000000000.0 |
| 008 |
c xo e sloo |
| FMT |
|
|
|
| 038 |
|
|
|a SVKKK
|
| 040 |
|
|
|a SVKKK
|b slo
|e AACR2
|
| 041 |
0 |
|
|a slo
|
| 044 |
|
|
|a xo
|c SK
|
| 080 |
|
|
|a 061.
|2 1981
|
| 100 |
1 |
|
|a Ičo, Tibor
|4 aut
|
| 245 |
1 |
0 |
|a Tour ď95 Košice - volanie do sveta :
|b Rada Regiónu Karpaty garantuje
|c Ičo Tibor,
|
| 650 |
0 |
4 |
|a Rada Regiónu Karpaty
|x zasadanie pracovné
|z Moldava n. Bodvou (KS)
|x priebeh
|x informácie
|
| 773 |
0 |
|
|t Slovenský východ
|g Roč. 4/23, č. 275(1994), dát. 1128, s. 1 a 3
|
| 957 |
|
|
|a Moldava n. Bodvou
|
| 958 |
|
|
|a KS
|
| 958 |
|
|
|a RE
|
| 974 |
|
|
|d 951229
|a Čr
|
| 992 |
|
|
|a RBX
|
| BAS |
|
|
|
| 852 |
|
|
|a SVKKK
|b BIB
|
| 998 |
|
|
|a REG
|